Suma všeobecného vymeriavacieho základu za kalendárny rok 2012

Suma všeobecného vymeriavacieho základu za kalendárny rok 2012 - 9660 eur. Veličina, ktorá sa používa pri určovaní sumy dôchodkových dávok, úrazových dávok, dávky garančného poistenia, ako aj pri určení vymeriavacieho základu na platenie poistného na sociálne poistenie a príspevkov na starobné dôch...

Descripción completa

Guardado en:
Detalles Bibliográficos
Autor principal: Neupauerová, Zuzana
Formato: Capítulo de libro
Lenguaje:eslovaco
Materias:
Etiquetas: Agregar Etiqueta
Sin Etiquetas, Sea el primero en etiquetar este registro!

MARC

LEADER 00000naa a2200000 4500
001 0169754
005 20240502072936.0
041 0 |a slo 
044 |a SK 
245 1 0 |a Suma všeobecného vymeriavacieho základu za kalendárny rok 2012  |c Zuzana Neupauerová 
520 |a Suma všeobecného vymeriavacieho základu za kalendárny rok 2012 - 9660 eur. Veličina, ktorá sa používa pri určovaní sumy dôchodkových dávok, úrazových dávok, dávky garančného poistenia, ako aj pri určení vymeriavacieho základu na platenie poistného na sociálne poistenie a príspevkov na starobné dôchodkové sporenie. 
610 2 0 |a základ vymeriavací 
610 2 0 |a poistenie sociálne 
610 2 0 |a dôchodky starobné 
610 2 0 |a sporenie dôchodkové starobné 
610 2 0 |a poistenie garančné 
100 1 |a Neupauerová, Zuzana